000 nam a22 7a 4500
999 _c10541
_d10541
008 180219b ||||| |||| 00| 0 eng d
100 _aKumar,R.etal.
_96449
245 _aExcellence in Social Studies-4
260 _aNew Delhi
_bPrachi
_c2013